| 000 | 00383nam a2200121Ia 4500 | ||
|---|---|---|---|
| 008 | 250110s9999 xx 000 0 und d | ||
| 041 | _aeng | ||
| 100 |
_aKinikar Unmesha _9184162 |
||
| 245 | _aLandscape Development Proposal For Sanjay Ghodawat Institute , Atigre , Kolhapur | ||
| 260 |
_bBNCA M Arch LA, Pune _c2020 |
||
| 300 | _a63p | ||
| 700 |
_aGuide Name:Khatavkar Anupama _9210955 |
||
| 999 |
_c364579 _d364579 |
||